000 00505nam a22001817a 4500
005 20250409162839.0
008 250401b |||||||| |||| 00| 0 eng d
020 _a9798886130621
041 _aeng
082 _a332.632 BAC
100 _a Bacha, Obiyathulla Ismath
245 _aFinancial Derivatives: Markets and Applications
250 _a5th
260 _aLondon
_bWorld Scientific Publishing Co. Pte. Ltd
_c2024
300 _a537;. Pages:27 cm
650 _aFinancial Derivatives
942 _cBK
999 _c43504
_d43504